| 000 | 00723nam a2200229Ia 4500 | ||
|---|---|---|---|
| 003 | OSt | ||
| 005 | 20220925185837.0 | ||
| 006 | a|||||r|||| 00| 0 | ||
| 007 | ta | ||
| 008 | 220923b |||||||| |||| 00| 0 eng d | ||
| 037 | _cGeneral Book | ||
| 040 |
_aRTL _cRTL _beng |
||
| 041 |
_2eng _aeng |
||
| 082 | _aZ8,3.N49-N28, J0 | ||
| 110 |
_aAUSTRALIA, CENSUS AND STAISTICS (Commonwealth Bureau of-) _9236052 |
||
| 245 | 4 | _aThe Australian balance of payment 1928-29 to 1948-49 | |
| 260 |
_aAustralia _bCanberra _c1950 |
||
| 300 |
_a105p _ccm. |
||
| 700 |
_aAUSTRALIA, CENSUS AND STAISTICS (Commonwealth Bureau of-) _9236053 |
||
| 942 |
_hZ8,3.N49-N28, J0 _cGB _2CC |
||
| 999 |
_c512417 _d512417 |
||